Loading...
| Fine Arts - Painting and Sculpture | 0 | 8 | 0 | 2 | 80 | 71 | 101.50 | 2 | 4 | 0.00 | 0.00 |
| History - European | 0 | 8 | 1 | 1 | 75 | 34 | 77.88 | 0 | 5 | 0.00 | 0.00 |
| Literature - World | 0 | 6 | 0 | 1 | 60 | 116 | 137.83 | 0 | 1 | 0.00 | 0.00 |
| Philosophy | 0 | 6 | 0 | 2 | 60 | 95 | 115.17 | 0 | 3 | 0.00 | 0.00 |
| Fine Arts - Other | 0 | 6 | 1 | 2 | 55 | 74 | 104.83 | 0 | 0 | 0.00 | 0.00 |
| Literature - British | 0 | 5 | 0 | 0 | 50 | 47 | 88.60 | 1 | 2 | 0.00 | 0.00 |
| History - American | 0 | 6 | 2 | 2 | 50 | 76 | 110.83 | 0 | 4 | 0.00 | 0.00 |
| History - Other | 0 | 5 | 0 | 2 | 50 | 65 | 100.40 | 0 | 2 | 0.00 | 0.00 |
| Literature - American | 0 | 4 | 0 | 0 | 40 | 92 | 116.75 | 1 | 2 | 0.00 | 0.00 |
| Literature - European | 0 | 4 | 0 | 1 | 40 | 103 | 121.00 | 0 | 2 | 0.00 | 0.00 |
| Fine Arts - Classical Music | 0 | 3 | 1 | 0 | 25 | 111 | 122.00 | 0 | 0 | 0.00 | 0.00 |
| Mythology | 0 | 3 | 1 | 0 | 25 | 59 | 90.33 | 1 | 2 | 0.00 | 0.00 |
| Science - Physics | 0 | 2 | 0 | 1 | 20 | 50 | 92.50 | 1 | 2 | 0.00 | 0.00 |
| Science - Other | 0 | 2 | 0 | 0 | 20 | 64 | 74.50 | 0 | 2 | 0.00 | 0.00 |
| Geography | 0 | 2 | 0 | 1 | 20 | 118 | 120.50 | 0 | 1 | 0.00 | 0.00 |
| Social Science | 0 | 1 | 0 | 0 | 10 | 124 | 124.00 | 0 | 0 | 0.00 | 0.00 |
| Other Academic | 0 | 1 | 0 | 0 | 10 | 115 | 115.00 | 0 | 0 | 0.00 | 0.00 |
| History - World | 0 | 2 | 2 | 0 | 10 | 104 | 104.00 | 0 | 1 | 0.00 | 0.00 |
| Pop Culture | 0 | 0 | 1 | 0 | -5 | 0.00 | 0 | 0 | 0.00 | 0.00 | |
| Science - Biology | 0 | 0 | 1 | 0 | -5 | 0.00 | 0 | 0 | 0.00 | 0.00 |